Oceňovanie, účtovanie a vykazovanie vlastného imania vo vybranej obchodnej spoločnosti diplomová práca

Saved in:
Bibliographic Details
Main Author: Judit, Bögi
Corporate Author: Fakulta hospodárskej informatiky EU. Katedra účtovníctva a audítorstva
Other Authors: Kastlerová, Sylvia
Format: Book
Language:Slovak
Published: Bratislava 2008
Tags: Add Tag
No Tags, Be the first to tag this record!

MARC

LEADER 00000nam$a2200000$$$4500
001 0085272
005 20240201115831.1
041 0 |a slo 
044 |a SK 
245 1 0 |a Oceňovanie, účtovanie a vykazovanie vlastného imania vo vybranej obchodnej spoločnosti  |b diplomová práca  |c Bögi Judit ; škol. Sylvia Kastlerová 
264 1 |a Bratislava  |c 2008 
300 |a 69 s. 
100 1 |a Judit, Bögi 
700 1 |a Kastlerová, Sylvia 
710 2 |a Fakulta hospodárskej informatiky EU. Katedra účtovníctva a audítorstva